JURANS QUALITY PLANNING & ANALYSIS FOR ENTERPRISES QUALITY (Record no. 663847)

MARC details
000 -LEADER
fixed length control field 00413pam a2200157a 44500
008 - FIXED-LENGTH DATA ELEMENTS--GENERAL INFORMATION
fixed length control field 230515b0 xxu||||| |||| 00| 0 eng d
020 ## - INTERNATIONAL STANDARD BOOK NUMBER
International Standard Book Number 9.78007E+12
041 ## - LANGUAGE CODE
Language code of text/sound track or separate title
082 ## - DEWEY DECIMAL CLASSIFICATION NUMBER
Classification number 658.562/GRY/CHU
100 ## - MAIN ENTRY--PERSONAL NAME
Personal name "GRYNA FRANK M.
245 ## - TITLE STATEMENT
Title JURANS QUALITY PLANNING & ANALYSIS FOR ENTERPRISES QUALITY
250 ## - EDITION STATEMENT
Edition statement DEFEO JOSEPH A. "
260 ## - PUBLICATION, DISTRIBUTION, ETC.
Place of publication, distribution, etc. 642.95
Name of publisher, distributor, etc. CHUA RICHARD C. H.
Date of publication, distribution, etc. 0
300 ## - PHYSICAL DESCRIPTION
Extent 2013
650 ## - SUBJECT ADDED ENTRY--TOPICAL TERM
Topical term or geographic name entry element 23
Holdings
Withdrawn status Lost status Damaged status Not for loan Home library Current library Shelving location Date acquired Source of acquisition Cost, normal purchase price Total Checkouts Full call number Barcode Date last seen Price effective from Koha item type
        College of Engineering, Pune College of Engineering, Pune     PRADEEP BOOK DISTRIBUTORS 0.00   658.562/GRY/CHU ECP-T-710 28/06/2023 28/06/2023 Book